| 000 | 00647cam a22002291 4500 | ||
|---|---|---|---|
| 001 | sa 68003714 | ||
| 003 | DLC | ||
| 005 | 20260227112455.0 | ||
| 008 | 710903s1968 ii 000 0 eng | ||
| 010 | _asa 68003714 | ||
| 025 | _aPL480:I-E-9773 | ||
| 040 |
_aDLC _cDLC _dDLC |
||
| 043 | _aa-ii--- | ||
| 050 | 0 | 0 |
_aKNS2832 _b.G37 1968 |
| 082 | 0 | 0 | _a336.2/4 |
| 100 | 1 |
_aGarg, O. P., _d1930- |
|
| 245 | 1 | 0 |
_aCorrect assessment of salary income and maximum tax benefits, _cby O. P. Garg. |
| 260 |
_aNew Delhi, _bAnupam Prakashan, _c1968. |
||
| 300 |
_axii, 305 p. _c25 cm. |
||
| 350 | _aRs21 | ||
| 650 | 0 |
_aIncome tax _xLaw and legislation _zIndia. |
|
| 999 |
_c79691 _d79691 |
||